Central Library OPAC University of Rajshahi

Tottenham reports : (Record no. 49567)

MARC details
000 -LEADER
fixed length control field 00985cam a22002771 4500
001 - CONTROL NUMBER
control field 49567
003 - CONTROL NUMBER IDENTIFIER
rucl marc code BD-RjUL
005 - DATE AND TIME OF LATEST TRANSACTION
control field 20211209054709.0
008 - FIXED-LENGTH DATA ELEMENTS--GENERAL INFORMATION
fixed length control field 160621s1963 pk 000 0 eng
035 ## - SYSTEM CONTROL NUMBER
System control number (BD-RjUL) 49686
System control number (OCoLC)16464643
040 ## - CATALOGING SOURCE
Original cataloging agency DLC
Transcribing agency WaU
Modifying agency WaU
-- DLC
-- (BD-RjUL)
Language of cataloging eng
041 ## - LANGUAGE CODE
Language code of text/sound track or separate title eng
082 ## - DEWEY DECIMAL CLASSIFICATION NUMBER
Edition number 23
Classification number 354.5491
Author mark and year TOT 1963
100 1# - MAIN ENTRY--PERSONAL NAME
Personal name Tottenham, George Richard Frederick
Dates associated with a name 1890-
9 (RLIN) 148655
245 10 - TITLE STATEMENT
Title Tottenham reports :
Remainder of title [reports on the re-organization of the Central Government, 1945-46]
260 ## - PUBLICATION, DISTRIBUTION, ETC. (IMPRINT)
Place of publication, distribution, etc. Karachi :
Name of publisher, distributor, etc. National Institute of Public Administration,
Date of publication, distribution, etc. [1963?]
300 ## - PHYSICAL DESCRIPTION
Pagination vii, i, 244 p. ;
Size 25 cm.
500 ## - GENERAL NOTE
General note Cover title.
650 #0 - SUBJECT ADDED ENTRY--TOPICAL TERM
Topical term or geographic name as entry element Executive departments
Geographic subdivision Pakistan.
9 (RLIN) 148656
651 #0 - SUBJECT ADDED ENTRY--GEOGRAPHIC NAME
Geographic name Pakistan
General subdivision Politics and government.
9 (RLIN) 128313
942 ## - ADDED ENTRY ELEMENTS (KOHA)
Source of classification or shelving scheme Dewey Decimal Classification
Koha item type Books
Holdings
Lost status Source of classification or shelving scheme Damaged status Not for loan Collection code Permanent Location Current Location Shelving location Date acquired Source of acquisition Cost, normal purchase price Total Checkouts Full call number Date last seen Copy number Koha item type
  Dewey Decimal Classification     Non-fiction Central Library, University of Rajshahi Central Library, University of Rajshahi   11/12/1968 NIPA, Karachi 9.00   354.5491 TOT 1963 21/08/2016 C-2 Books
  Dewey Decimal Classification     Non-fiction Central Library, University of Rajshahi Central Library, University of Rajshahi   11/12/1968 NIPA, Karachi 9.00   354.5491 TOT 1963 21/08/2016 C-3 Books
  Dewey Decimal Classification     Non-fiction Central Library, University of Rajshahi Central Library, University of Rajshahi   11/12/1968 NIPA, Karachi 9.00   354.5491 TOT 1963 21/08/2016 C-4 Books
  Dewey Decimal Classification     Non-fiction Central Library, University of Rajshahi Central Library, University of Rajshahi   11/12/1968 NIPA, Karachi 9.00   354.5491 TOT 1963 21/08/2016 C-5 Books
  Dewey Decimal Classification     Non-fiction Central Library, University of Rajshahi Central Library, University of Rajshahi   11/12/1968 NIPA, Karachi 9.00   354.5491 TOT 1963 21/08/2016 C-6 Books